Flexible Quantifiers in Aggregation

Enregistré dans:
Détails bibliographiques
Auteur principal: Barčáková, Nina, 1999-
Autres auteurs: Hudec, Miroslav, 1969-
Format: Chapitre de livre
Langue:anglais
Sujets:
Tags: Ajouter un tag
Pas de tags, Soyez le premier à ajouter un tag!

MARC

LEADER 00000naa$a2200000$$$4500
001 0305548
005 20250127093948.1
041 0 |a eng 
044 |a SK 
245 1 0 |a Flexible Quantifiers in Aggregation  |c Nina Barčáková, Miroslav Hudec 
500 |a Abstrakt 
610 2 0 |a matematika 
100 1 |a Barčáková, Nina, 1999- 
700 1 |a Hudec, Miroslav, 1969-